000 00318nam a2200133Ia 4500
008 220216s9999 xx 000 0 und d
100 _aJacob A J
245 0 _aGelling of latex foam products
260 _bRubber India
_c1997
300 _a10-Sep
650 _aGelling
650 _aLatex foam products
942 _cJS
999 _c59749
_d59749